Fast Typing to 100 Quiz - Statistics

General Stats
  • This quiz has been taken 31 times
  • The average score is 84 of 100
Answer Stats
# % Correct
1
100%
10
100%
11
100%
12
100%
13
100%
14
100%
15
100%
16
100%
17
100%
18
100%
19
100%
2
100%
20
100%
21
100%
22
100%
23
100%
24
100%
25
100%
26
100%
27
100%
28
100%
29
100%
3
100%
30
100%
31
100%
32
100%
33
100%
34
100%
35
100%
36
100%
37
100%
38
100%
39
100%
4
100%
40
100%
41
100%
42
100%
43
100%
44
100%
45
100%
46
100%
5
100%
6
100%
7
100%
8
100%
9
100%
47
90%
48
90%
49
90%
50
90%
51
90%
52
90%
53
90%
54
90%
55
90%
56
90%
57
90%
58
90%
59
90%
60
90%
61
80%
62
80%
63
80%
64
80%
65
80%
66
80%
67
80%
68
80%
69
80%
70
80%
71
80%
72
70%
73
60%
74
60%
75
60%
76
60%
77
60%
78
60%
79
60%
80
60%
81
60%
82
60%
83
60%
84
60%
85
60%
86
60%
87
60%
88
60%
89
60%
90
60%
91
60%
92
60%
93
60%
100
50%
94
50%
95
50%
96
50%
97
50%
98
50%
99
50%
No matching quizzes found
Score Distribution
Percent of People with Each Score
Percentile by Number Answered
Your Score History
You have not taken this quiz